| 000 -LEADER |
| fixed length control field |
00353nam a2200133 4500 |
| 003 - CONTROL NUMBER IDENTIFIER |
| control field |
OSt |
| 005 - DATE AND TIME OF LATEST TRANSACTION |
| control field |
20210705115400.0 |
| 008 - FIXED-LENGTH DATA ELEMENTS--GENERAL INFORMATION |
| fixed length control field |
210705b ||||| |||| 00| 0 eng d |
| 020 ## - INTERNATIONAL STANDARD BOOK NUMBER |
| International Standard Book Number |
9780367075224 |
| 082 ## - DEWEY DECIMAL CLASSIFICATION NUMBER |
| Classification number |
725.51 |
| Item number |
WIL |
| 100 ## - MAIN ENTRY--PERSONAL NAME |
| Personal name |
Wilhelm, Jacob J.; Battisto, Dina |
| 245 ## - TITLE STATEMENT |
| Title |
Architecture and health : guiding principles for practice |
| 942 ## - ADDED ENTRY ELEMENTS (KOHA) |
| Source of classification or shelving scheme |
|